| 000 | 00591nam a2200193Ia 4500 | ||
|---|---|---|---|
| 008 | 240729s9999 xx 000 0 und d | ||
| 022 | _a2090-262X | ||
| 245 | 0 | _aJournal of the Egyptian Public Health Association | |
| 260 | _aUnited Kingdom | ||
| 260 | _bSpringerOpen | ||
| 650 | _a Arctic medicine. Tropical medicine | Medicine | ||
| 650 | _a Internal medicine | ||
| 650 | _a Public aspects of medicine | ||
| 650 | _a Special situations and conditions | ||
| 650 | _aMedicine | ||
| 856 | _uhttps://doaj.org/toc/fb4962b5238e4c27ae1bc614ac490642 | ||
| 942 | _2ddc | ||
| 942 | _cDOAJEJ | ||
| 999 |
_c72871 _d72871 |
||
| 945 |
_a1 _bMadushi Gamage _c1 _dMadushi Gamage |
||